000 00428nam a2200157Ia 4500
008 230312s9999||||xx |||||||||||||| ||und||
020 _a81-8431-213-x
082 _a621.31
_bBAK-E
100 _aBakshi,U.A
245 0 _aElectromechanical Energy Conversion-II
260 _bTechnical Publications Pune
_aIndia
_c2007
300 _a9-28
546 _aEng.
650 _aEngineering
_vSynchronous Machines:Alternators
942 _cBK
999 _c1529
_d1529